00546nam a2200193 a 4500001001300000003000900013005001700022008004100039020002300080082001500103100001900118245006200137260004200199300000900241500003500250505003700285650001100322700001900333nice12345678IN_TiNIC20260116012255.0050524s1983 graa grp 000 0 eng  a0801013 c10000a297.4bPAR aParshall, Phil aBridges to Islamb a Christian Perspective on Folk Islam. aGrand RapidsbBaker Book House c1983 a163p aincludes index and biblioraphy2 aGlossary, Bibliography and index aSufism1 aParshall, Phil